The Vampire Diaries: Trivia Quiz Stats

 Plays Quiz not verified by Sporcle

Challenge
Share
Tweet
Embed
Score 0/27 Timer 10:00
0 Plays Today
Question Answer % Correct
What is Elena's last name?Gilbert
99.5%
What Salvatore brother did Elenat first?Damon
97%
What brother did Elena pick at the end of season three?Stefan
62.7%
Who is Matt's older sister?Vicki
62.5%
Who killed Jenna?Klaus?
56.1%
Who killed Vicki? (vampire)Stefan
53.9%
Who killed Lexi?Damon
53.7%
Who is Elena's real mother?Isobel
53.5%
Who killed Mason Lockwood?Damon
53.1%
Who killed Vicki? (human)Damon
52.6%
Who is compelled to stay in the tomb?Katherine
50.2%
Who is Elena's real father?John Gilbert
46.5%
Who is Miranda's younger sister?Jenna
46%
Who saved the vampires in the church back in 1864?Emily
42.8%
Question Answer % Correct
Who killed Logan Fell?Alaric
42.6%
What is Matt's mom's name?Kelly
42%
Who gets stuck in the repeativly while trying to save people? Stefan
40%
Who did he save the first time this happened?Elena
36.7%
Who killed Pearl?John Gilbert
34.7%
How many vampires where in the tomb?26
32.9%
Who did Damon go see in Alanta Georgia?Bree
29.1%
Who did he save the second time this happened?Jeremy
25.2%
Who tried to kill Damon while he was in Georgia?Lexi's boyfriend
19.4%
Who opened the tomb with the vampires in it?Bonnie and Grams
13.1%
Where did she meet him?at the party she went to when she blew family night
8.4%
When did sh met him?just before her parents picked her up
4.6%
Why did he go see her?to get another way to open tomb
1.5%

You're not logged in!

Compare scores with friends on all Sporcle quizzes.
Join for Free
OR
Log In

You Might Also Like...

Show Comments

Extras

Created Jun 25, 2012ReportNominate
Tags:diary, The Vampire, vampire

Top Quizzes Today


Score Distribution

Your Account Isn't Verified!

In order to create a playlist on Sporcle, you need to verify the email address you used during registration. Go to your Sporcle Settings to finish the process.

Report this User

Report this user for behavior that violates our Community Guidelines.

Details: